[Event "IECC M1-2007.T10"]
[Site "IECC email"]
[Date "2007.04.23"]
[Round "?"]
[White "Ballueder, Volker"]
[Black "Simmons, Ernest"]
[Result "1-0"]
[WhiteElo "895"]
[BlackElo "1081"]
[PlyCount "97"]
[EventDate "2007.??.??"]
[EventType "match (corr)"]
[EventRounds "2"]
[SourceTitle "Corr 2011"]
[Source "ChessBase"]
[SourceDate "2010.08.31"]
[SourceVersion "1"]
[SourceVersionDate "2010.08.31"]
[SourceQuality "1"]
[WhiteTeam "US of America"]
[BlackTeam "South Africa"]
[WhiteTeamCountry "USA"]
[BlackTeamCountry "RSA"]

1. e4 c5 2. Nf3 e6 3. g3 Nc6 4. Bg2 e5 5. 0-0 Nf6 6. d3 Be7 7. Nc3 0-0 8. Bg5 h6 9. Be3 b6 10. Re1 Re8 11. Nd5 Bb7 12. Nxf6+ Bxf6 13. h4 d6 14. a3 Qd7 15. Kh2 a5 16. Bh3 Qc7 17. c3 Ba6 18. c4 Bc8 19. Bxc8 Qxc8 20. Bd2 a4 21. Rb1 Qa6 22. b3 axb3 23. Qxb3 Reb8 24. Qb5 Qxb5 25. cxb5 Nd8 26. Rb3 Ra4 27. Bc3 Ne6 28. Rd1 Rba8 29. Bb2 Nc7 30. g4 R8a5 31. g5 Rxb5 32. Rxb5 Nxb5 33. gxf6 g6 34. Kg3 h5 35. Rb1 Ra6 36. Ra1 Nc7 37. Ng5 Ne8 38. f4 Nxf6 39. fxe5 dxe5 40. Bxe5 Nd7 41. Bc7 Kf8 42. Bd6+ Kg8 43. Nf3 b5 44. Bc7 b4 45. a4 b3 46. d4 c4 47. Nd2 b2 48. Ra3 Rc6 49. Ba5 1-0

[Event "IECC M1-2007.T10"]
[Site "IECC email"]
[Date "2007.04.23"]
[Round "?"]
[White "Simmons, Ernest"]
[Black "Ballueder, Volker"]
[Result "1-0"]
[WhiteElo "1068"]
[BlackElo "918"]
[PlyCount "61"]
[EventDate "2007.??.??"]
[EventType "match (corr)"]
[EventRounds "2"]
[SourceTitle "Corr 2008"]
[Source "ChessBase"]
[SourceDate "2008.06.24"]
[SourceVersion "1"]
[SourceVersionDate "2008.06.24"]
[SourceQuality "1"]
[WhiteTeam "US of America"]
[BlackTeam "England"]
[WhiteTeamCountry "USA"]
[BlackTeamCountry "ENG"]

1. Nf3 Nf6 2. g3 Nc6 3. Bg2 d5 4. d3 e5 5. 0-0 Bg4 6. a3 Bd6 7. Re1 0-0 8. Nbd2 Re8 9. c3 e4 10. dxe4 dxe4 11. Nd4 e3 12. Nxc6 bxc6 13. Bxc6 exf2+ 14. Kxf2 Bxg3+ 15. hxg3 Re6 16. Bxa8 Qxa8 17. Nf3 Ne4+ 18. Kg2 Rd6 19. Qc2 h6 20. b4 Ng5 21. Bxg5 hxg5 22. Red1 Bxf3+ 23. exf3 Rxd1 24. Rxd1 g4 25. Qe4 Qxe4 26. fxe4 g6 27. Rd7 c6 28. Rxa7 Kf8 29. Rd7 Ke8 30. Rd2 Ke7 31. a4 1-0